|
|
|
|
| LEADER |
00782nam a2200241 a 4500 |
| 001 |
11898 |
| 003 |
BD-DhAAL |
| 005 |
20141215095235.0 |
| 008 |
141215s2005 vaua f b 001 0 eng d |
| 010 |
|
|
|a 2005278358
|
| 020 |
|
|
|a 8171695884
|
| 040 |
|
|
|a UKM
|c UKM
|d PRC
|d C#P
|d DLC
|d BD-DhAAL
|
| 050 |
0 |
0 |
|a HF5549
|b .F88 2005
|
| 082 |
0 |
4 |
|a 658.3
|2 22
|
| 245 |
0 |
4 |
|a Future of human resource management /
|c A S Bhambra
|
| 260 |
|
|
|a New Delhi :
|b Commonwealth Publishers,
|c 1999
|
| 300 |
|
|
|a vi, 278 p. :
|c 24 cm.
|
| 500 |
|
|
|a Includes index.
|
| 541 |
|
|
|e 11898
|
| 650 |
|
0 |
|a Personnel management.
|9 6815
|
| 942 |
|
|
|2 ddc
|c BK
|
| 999 |
|
|
|c 33299
|d 33299
|
| 952 |
|
|
|0 0
|1 0
|2 ddc
|4 0
|6 658_300000000000000_FUT
|7 0
|9 44475
|a BRACUL
|b BRACUL
|c GEN
|d 2014-12-15
|l 0
|o 658.3 FUT
|p 3010011898
|r 2014-12-15
|t 1
|w 2014-12-15
|y BK
|